000 01131 am a2200325ua 4500
999 _c1995
_d1995
001 009424563
003 OSt
005 20230222181602.0
008 011001r20012000enka j| 000 1|eng
015 _aGBA1X1421
_2bnb
020 _a9780552546140
039 0 _a2661
040 _aStDuBDS
_dUk
_dKH8
_cSTD
082 0 4 _a823.914 MOR
_221
100 1 _aMorpurgo, Michael.
_eauthor
245 1 4 _aThe silver swan /
_cMichael Morpurgo ; illustrated by Christian Birmingham.
260 _aLondon :
_bPicture Corgi,
_c2001, c2000.
300 _a[32] p. :
_bcol. ill. ;
_c24 x 29 cm.
336 _atext
_2rdacontent
337 _aunmediated
_2rdamedia
338 _avolume
_2rdacarrier
500 _aOriginally published: London : Doubleday, 2000.
650 0 _aSwans
_vPictorial works
_vJuvenile fiction.
650 0 _aChildren and animals
_vPictorial works
_vJuvenile fiction.
650 0 _aLoss (Psychology)
_vPictorial works
_vJuvenile fiction.
650 0 _aDeath
_vPictorial works
_vJuvenile fiction.
655 0 7 _aChildren's stories
_vPictorial works.
_2lcsh
700 1 _aBirmingham, Christian.
_eillustrator
942 _2ddc
_cNFIC